| 000 | 00548nam a2200205Ia 4500 | ||
|---|---|---|---|
| 005 | 20260429112142.0 | ||
| 008 | 260429s9999||||xx |||||||||||||| ||und|| | ||
| 020 | _a9781009068338 | ||
| 041 | _aEnglish | ||
| 082 |
_a616.99 _bHES |
||
| 100 | _aHesketh, Robin | ||
| 245 | 0 |
_aIntroduction to cancer biology / _cRobin Hesketh |
|
| 250 | _a2nd ed. | ||
| 260 |
_aUnited Kingdom : _bCambridge University Press, _c2024. |
||
| 300 | _axiv, 449 p.; pbk | ||
| 650 | _a Nucleotide sequence | ||
| 650 | _a Oncogenes | ||
| 650 | _aTumors | ||
| 942 | _cTB | ||
| 999 |
_c52614 _d52614 |
||